000 01379cam a22002174a 4500
005 20250605164024.0
008 250528s ||||||||||||||||||||||||d
035 _a16441
020 _a412402408
040 _aGR-AtMCL
_bgre
_dGR-AtMCL
_eAACR2
245 1 _aQuantitative Methods for Business Decisions / Third Edition
250 _a3rd
260 _bChapman & Hall,
_c1991
300 _a432
520 _aThis book deals with the definition and solution of problems set firmly within a business context. Preface, Quantitative Information, Data Collection, Presentation of Data, Descriptive Statistics, Measures of Location, Measures of Dispersion, Index Numbers, Mathematical Methods, Mathematical Relationships, Matrices, The Use of Calculus, The Time Value of Money, Measures of Uncertainty, Probability, Discrete Probability Distributions, The Normal Distribution, Statistical Inference, Confidence Intervals, Confidence Intervals: Further Developments, Significance Testing, Non-Parametric Tests, Relating Two or More Variables, Correlation, Regression, Multiple Regression and Correlation, Time Series, Mathematical Models, Linear Programming, Networks, Modelling Stock Control and Queues, Simulation, Review and Revision, Appendixes, Index.
700 1 _aCurwin Jon
_92536
700 1 _aSlater Roger
_92537
942 _cBK
999 _c1941
_d1941